Score 0/12 Timer 03:00
1 Play Today
Question Answer Wrong Answers
Which is the missing word from the Moody Blues album: Days of ____ Passed? Future
81%
Past
5.5%
Present
12.4%
Which Animaniac is female? Dot
78.6%
Wakko
7.2%
Yakko
10.8%
Starting top left, which is the first color on the American flag? Blue
78.2%
White
6%
Red
15.8%
Which Clue character is listed as a 'Miss' rather than 'Mrs.'? Scarlett
74.5%
White
6.7%
Peacock
15.9%
Which standard color of a US traffic light is not a primary pigment color? Green
71.6%
Yellow
20.9%
Red
2.8%
Which country is the most populous? United States
71.3%
Mexico
22.1%
Canada
2.1%
Which Abrahamic religion uses the Talmud? Judaism
68%
Christianity
2.5%
Islam
25.5%
Which singing chipmunk wears glasses? Simon
53.9%
Theodore
35.2%
Alvin
8.6%
Who authored the most articles of The Federalist Papers? Alexander Hamilton
53.5%
James Madison
27%
John Jay
15.1%
In the musical group TLC, which member's given name did not begin with one of the letters in the groups name? Chilli
42.9%
Left Eye
30.1%
T-Boz
25%
Which of the Three Stooges is not a brother to one of the others? Larry
36%
Moe
31.3%
Curly
32.2%
Which Athletics team has won the most World Series Titles? Philadelphia Athletics
31.7%
Kansas City Athletics
13.1%
Oakland Athletics
51.4%
Remove Ads.
Support Sporcle.
Get the best of Sporcle when you Go Orange. This ad-free experience offers more features, more stats, and more fun while also helping to support Sporcle. Thank you for becoming a member.

You're not logged in!

Compare scores with friends on all Sporcle quizzes.
OR
Log In

Show Comments

Extras

Top Quizzes Today


Score Distribution

Your Account Isn't Verified!

In order to create a playlist on Sporcle, you need to verify the email address you used during registration. Go to your Sporcle Settings to finish the process.

Report this User

Report this user for behavior that violates our Community Guidelines.

Details: